| 000 | 00588nam a22001932 4500 | ||
|---|---|---|---|
| 001 | 0000024290 | ||
| 005 | 20151217155915.0 | ||
| 008 | 130625s xx 000 0 eng d | ||
| 040 |
_aKABU _cKABU |
||
| 245 | 1 | 0 | _aProceedings of the National Investment conference 19-21 November 2003. |
| 250 | _a1st ed. | ||
| 260 |
_aNairobi : _bKEPSA, _c2003. |
||
| 300 | _aiv, 72 p. | ||
| 650 | 0 |
_aIndustrial policy _zKenya. _@0000150203 |
|
| 650 | 0 |
_aInvestments _zKenya. _@0000152674 |
|
| 852 | 1 | _9p400 KES | |
| 908 | _a130625 | ||
| 950 | _@1 | ||
| 999 |
_c13920 _d13920 |
||